[Event "ESP-ch op"]
[Site "Seville"]
[Date "2004.08.21"]
[Round "9"]
[White "Lopez del Alamo, Antonio"]
[Black "Cuenca Jimenez, Jose Fernando"]
[Result "0-1"]
[WhiteElo "2268"]
[BlackElo "2378"]
[PlyCount "84"]
[EventDate "2004.08.13"]
[EventType "swiss"]
[EventRounds "9"]
[EventCountry "ESP"]
[SourceTitle "CBM 101 Extra"]
[Source "ChessBase"]
[SourceDate "2004.09.01"]
[SourceVersion "2"]
[SourceVersionDate "2004.09.01"]
[SourceQuality "1"]

1. e4 e6 2. d3 c5 3. Nf3 Nc6 4. g3 g6 5. d4 cxd4 6. Nxd4 a6 7. Bg2 Bg7 8. Be3
Nge7 9. Nc3 d6 10. O-O Qc7 11. f4 O-O 12. Nb3 b5 13. Qd2 Rb8 14. Rad1 Rd8 15.
Qf2 a5 16. a3 Ba6 17. Rfe1 a4 18. Nc1 Qa5 19. f5 Nc8 20. fxe6 fxe6 21. e5 Nxe5
22. Bf4 Ng4 23. Qe2 Qb6+ 24. Be3 Qxe3+ 25. Qxe3 Nxe3 26. Rxe3 b4 27. Nxa4 bxa3
28. bxa3 Rb1 29. Ree1 Bb5 30. Nc5 Rxc1 31. Rxc1 Bd4+ 32. Kh1 Bxc5 33. Rxe6 Bxa3
34. Bd5 Kg7 35. Rd1 Rf8 36. c4 Bd7 37. Re3 Bc5 38. Rf3 Rxf3 39. Bxf3 Nb6 40.
Bd5 Nxd5 41. cxd5 Bg4 42. Rf1 Be2 0-1

[Event "Albacete op 12th"]
[Site "Albacete"]
[Date "2004.09.02"]
[Round "2"]
[White "Gavilan Diaz, Mario"]
[Black "Cuenca Jimenez, Jose Fernando"]
[Result "0-1"]
[WhiteElo "2081"]
[BlackElo "2378"]
[PlyCount "80"]
[EventDate "2004.09.01"]
[EventType "swiss"]
[EventRounds "9"]
[EventCountry "ESP"]
[SourceTitle "CBM 102 Extra"]
[Source "ChessBase"]
[SourceDate "2004.11.03"]
[SourceVersion "1"]
[SourceVersionDate "2004.11.03"]
[SourceQuality "1"]

1. e4 c5 2. Nf3 g6 3. d4 cxd4 4. Qxd4 Nf6 5. Bb5 a6 6. e5 axb5 7. exf6 Nc6 8.
fxe7 Qxe7+ 9. Qe3 b4 10. O-O Qxe3 11. Bxe3 d5 12. Nd4 Bg7 13. c3 Be6 14. Nd2
bxc3 15. bxc3 O-O 16. N2b3 Rfc8 17. Rfe1 Nd8 18. Rec1 Ra4 19. Rc2 Nc6 20. Nc5
Rc4 21. Ncxe6 fxe6 22. Nxe6 Bxc3 23. Rd1 d4 24. Bg5 d3 25. Rcc1 Ne5 26. h3 Re8
27. Nf4 d2 28. Rb1 Nf7 29. Nd5 Re1+ 30. Kh2 Nxg5 31. Nxc3 Rxc3 32. Rxe1 dxe1=Q
33. Rxe1 Rxh3+ 34. Kg1 Rc3 35. Re7 Rc1+ 36. Kh2 Rb1 37. Kg3 Nf7 38. Kf3 Kg7 39.
Rc7 Kf6 40. Ke3 h6 0-1

[Event "Albacete op 12th"]
[Site "Albacete"]
[Date "2004.09.02"]
[Round "3"]
[White "Hernandez, Gilberto"]
[Black "Cuenca Jimenez, Jose Fernando"]
[Result "1-0"]
[WhiteElo "2502"]
[BlackElo "2378"]
[PlyCount "43"]
[EventDate "2004.09.01"]
[EventType "swiss"]
[EventRounds "9"]
[EventCountry "ESP"]
[SourceTitle "CBM 102 Extra"]
[Source "ChessBase"]
[SourceDate "2004.11.03"]
[SourceVersion "1"]
[SourceVersionDate "2004.11.03"]
[SourceQuality "1"]

1. e4 c5 2. Nf3 g6 3. d4 cxd4 4. Qxd4 Nf6 5. e5 Nc6 6. Qa4 Nd5 7. Qe4 Nc7 8.
Nc3 Bg7 9. Bf4 O-O 10. O-O-O Ne6 11. Bg3 Qa5 12. h4 Nc5 13. Qe3 d6 14. exd6 Be6
15. dxe7 Rfc8 16. Bd6 b6 17. a3 Bxc3 18. Qxc3 Qxc3 19. bxc3 f6 20. Bb5 Kf7 21.
Bxc5 bxc5 22. Bxc6 1-0

[Event "Albacete op 12th"]
[Site "Albacete"]
[Date "2004.09.03"]
[Round "4"]
[White "Cuenca Jimenez, Jose Fernando"]
[Black "Torres Tellez, Jonathan"]
[Result "1-0"]
[WhiteElo "2378"]
[BlackElo "2049"]
[PlyCount "55"]
[EventDate "2004.09.01"]
[EventType "swiss"]
[EventRounds "9"]
[EventCountry "ESP"]
[SourceTitle "CBM 102 Extra"]
[Source "ChessBase"]
[SourceDate "2004.11.03"]
[SourceVersion "1"]
[SourceVersionDate "2004.11.03"]
[SourceQuality "1"]

1. c4 Nf6 2. Nc3 e5 3. g3 Bb4 4. Bg2 O-O 5. Nf3 Re8 6. O-O c6 7. d3 h6 8. Qb3
Bxc3 9. Qxc3 d6 10. b4 Bg4 11. Bb2 Nbd7 12. e4 Qc7 13. Nh4 a5 14. a3 Nb6 15.
Qc2 Qd7 16. f3 Bh3 17. Bxh3 Qxh3 18. Nf5 Nc8 19. d4 Qh5 20. c5 dxc5 21. dxe5
Nd7 22. e6 Nf6 23. Bxf6 gxf6 24. exf7+ Kxf7 25. Qxc5 Qg6 26. Rad1 axb4 27. Rd7+
Ke6 28. Rg7 1-0

[Event "Albacete op 12th"]
[Site "Albacete"]
[Date "2004.09.04"]
[Round "5"]
[White "Cuenca Jimenez, Jose Fernando"]
[Black "Movsziszian, Karen"]
[Result "0-1"]
[WhiteElo "2378"]
[BlackElo "2528"]
[PlyCount "112"]
[EventDate "2004.09.01"]
[EventType "swiss"]
[EventRounds "9"]
[EventCountry "ESP"]
[SourceTitle "CBM 102 Extra"]
[Source "ChessBase"]
[SourceDate "2004.11.03"]
[SourceVersion "1"]
[SourceVersionDate "2004.11.03"]
[SourceQuality "1"]

1. c4 d6 2. Nc3 Nf6 3. g3 g6 4. Bg2 Bg7 5. d4 O-O 6. Nf3 Nbd7 7. O-O e5 8. e4
a6 9. b3 b5 10. cxb5 axb5 11. Re1 c6 12. Bb2 Bb7 13. a3 Re8 14. h3 exd4 15.
Nxd4 Qb6 16. Qd2 Nc5 17. b4 Na4 18. Nxa4 bxa4 19. Rab1 Qa6 20. Nc2 Rad8 21. Qe2
Qa7 22. Qf3 Nd7 23. Bxg7 Kxg7 24. Qc3+ f6 25. Rbd1 Ne5 26. Ne3 c5 27. Nc4 cxb4
28. Qxb4 Nxc4 29. Qxc4 Re7 30. Rd4 d5 31. Qxa4 Qxa4 32. Rxa4 dxe4 33. Ra7 f5
34. f3 Ra8 35. Rxa8 Bxa8 36. fxe4 fxe4 37. Kf2 Kf6 38. Ke3 Ra7 39. Ra1 Rb7 40.
h4 Rb3+ 41. Kf4 h6 42. Rc1 Bd5 43. Rf1 g5+ 44. hxg5+ hxg5+ 45. Kg4+ Kg6 46. Kh3
Rxa3 47. Kh2 Ra2 48. Kg1 Re2 49. Rf8 Bc4 50. Rc8 Bd3 51. Rg8+ Kh5 52. Bh3 e3
53. Rh8+ Kg6 54. Rg8+ Kh5 55. Rd8 Re1+ 56. Kh2 Be4 0-1

[Event "Albacete op 12th"]
[Site "Albacete"]
[Date "2004.09.04"]
[Round "6"]
[White "Vaya Gomez, Alejandro"]
[Black "Cuenca Jimenez, Jose Fernando"]
[Result "1-0"]
[WhiteElo "2126"]
[BlackElo "2378"]
[PlyCount "106"]
[EventDate "2004.09.01"]
[EventType "swiss"]
[EventRounds "9"]
[EventCountry "ESP"]
[SourceTitle "CBM 102 Extra"]
[Source "ChessBase"]
[SourceDate "2004.11.03"]
[SourceVersion "1"]
[SourceVersionDate "2004.11.03"]
[SourceQuality "1"]

1. c4 c5 2. Nc3 g6 3. g3 Bg7 4. Bg2 Nc6 5. e4 d6 6. Nge2 e6 7. O-O Nge7 8. d3
O-O 9. a3 a5 10. Rb1 Rb8 11. Nb5 Nd4 12. Nexd4 cxd4 13. Bd2 Nc6 14. Qc2 Qe7 15.
b4 axb4 16. axb4 Bd7 17. f4 Rfc8 18. Qb2 f5 19. exf5 gxf5 20. Rfe1 Qf8 21. Na3
Nd8 22. b5 Qf6 23. Nc2 Nf7 24. Nb4 h5 25. Ra1 h4 26. Re2 Qg6 27. Be1 Re8 28.
Bf2 hxg3 29. hxg3 Qh5 30. Qd2 Nh6 31. Ra2 Ng4 32. Qe1 Kf7 33. Nc2 e5 34. Qb4
Bf8 35. Ne1 d5 36. c5 Rbc8 37. Nf3 Bxc5 38. Qb3 e4 39. Ng5+ Kg6 40. Qxd5 Re7
41. dxe4 Qh2+ 42. Kf1 d3 43. exf5+ Bxf5 44. Rxe7 Bxe7 45. Qf7+ Kh6 46. Qxe7
Rc1+ 47. Be1 Qxg3 48. Nf7+ Kg6 49. Nh8+ Kh6 50. Qg5+ Kh7 51. Qxf5+ Kxh8 52.
Ra8+ Kg7 53. Qg5+ Kf7 1-0

[Event "Albacete op 12th"]
[Site "Albacete"]
[Date "2004.09.07"]
[Round "9"]
[White "Cuenca Jimenez, Francisco Javier"]
[Black "Cuenca Jimenez, Jose Fernando"]
[Result "0-1"]
[WhiteElo "2075"]
[BlackElo "2378"]
[PlyCount "114"]
[EventDate "2004.09.01"]
[EventType "swiss"]
[EventRounds "9"]
[EventCountry "ESP"]
[SourceTitle "CBM 102 Extra"]
[Source "ChessBase"]
[SourceDate "2004.11.03"]
[SourceVersion "1"]
[SourceVersionDate "2004.11.03"]
[SourceQuality "1"]

1. g3 f5 2. Bg2 Nf6 3. c4 g6 4. Nc3 Bg7 5. d3 O-O 6. e4 fxe4 7. dxe4 d6 8. Nge2
c5 9. O-O Nc6 10. h3 e5 11. f4 Be6 12. Nd5 exf4 13. Bxf4 Ne8 14. Qd2 Qd7 15.
Kh2 Ne5 16. b3 Rf7 17. Rad1 Rb8 18. Nec3 b6 19. Rf2 a6 20. a4 Nc6 21. Be3 Nd4
22. Rxf7 Bxf7 23. Bxd4 Bxd4 24. Rf1 Kg7 25. Ne2 Be5 26. Nef4 Nf6 27. Nd3 Bd4
28. Qf4 Bxd5 29. cxd5 Qe7 30. Qf3 Be5 31. Nf4 Bxf4 32. gxf4 Nd7 33. Qg3 Rf8 34.
Re1 Re8 35. Bf1 Nf6 36. Bxa6 Nh5 37. Qg4 Qf6 38. Bb5 Re7 39. Re2 Qxf4+ 40. Qxf4
Nxf4 41. Re3 Kf6 42. Kg3 Ke5 43. Re1 Rf7 44. Bc4 Nh5+ 45. Kg2 Rf4 46. Ra1 Rxe4
47. Kf3 Nf6 48. a5 bxa5 49. Rxa5 Nxd5 50. Ra7 Rh4 51. Kg3 g5 52. Ra8 Nf6 53.
Ra7 Ne4+ 54. Kg2 Kd4 55. Bg8 h6 56. Ra4+ Ke3 57. Bh7 Nf6 0-1

[Event "Vicente Bonil op 29th"]
[Site "Albox"]
[Date "2005.06.04"]
[Round "2"]
[White "Cuenca Jimenez, Jose Fernando"]
[Black "Vallejo Pons, Francisco"]
[Result "0-1"]
[WhiteElo "2342"]
[BlackElo "2677"]
[PlyCount "88"]
[EventDate "2005.06.04"]
[EventType "swiss (rapid)"]
[EventRounds "9"]
[EventCountry "ESP"]
[SourceTitle "CBM 106 Extra"]
[Source "ChessBase"]
[SourceDate "2005.07.01"]
[SourceVersion "1"]
[SourceVersionDate "2005.07.01"]
[SourceQuality "1"]

1. c4 Nf6 2. Nc3 e5 3. g3 d5 4. cxd5 Nxd5 5. Bg2 Nb6 6. d3 Be7 7. Nf3 Nc6 8.
O-O O-O 9. a4 a5 10. Be3 Re8 11. Bxb6 cxb6 12. e3 Bf8 13. d4 e4 14. Ne5 f5 15.
Qb3+ Be6 16. d5 Nxe5 17. dxe6 Kh8 18. Rfd1 Qc8 19. Nb5 Nd3 20. Nd4 g6 21. Qxb6
Bc5 22. Qb5 Bxd4 23. exd4 Qxe6 24. Bf1 Nb4 25. Qxb7 Rab8 26. Qc7 Nd5 27. Qxa5
e3 28. fxe3 Rxb2 29. Re1 Qe4 30. Rad1 Qc2 31. Re2 Qxd1 32. Rxb2 Nxe3 33. Rf2
Qxd4 34. Qb5 Re5 35. Qd3 Qc5 36. Kh1 Qc6+ 37. Kg1 Qc5 38. Kh1 Ng4 39. Rc2 Nf2+
40. Rxf2 Qxf2 41. Qd8+ Kg7 42. Qc7+ Kh6 43. Qc1+ Qe3 44. Qc4 Qe4+ 0-1

[Event "Wch U18"]
[Site "Belfort"]
[Date "2005.07.27"]
[Round "9"]
[White "Cuenca Jimenez, Jose Fernando"]
[Black "Hungaski, Robert Andrew"]
[Result "1-0"]
[WhiteElo "2351"]
[BlackElo "2308"]
[PlyCount "63"]
[EventDate "2005.07.19"]
[EventType "swiss"]
[EventRounds "11"]
[EventCountry "FRA"]
[SourceTitle "CBM 107 Extra"]
[Source "ChessBase"]
[SourceDate "2005.09.01"]
[SourceVersion "1"]
[SourceVersionDate "2005.09.01"]
[SourceQuality "1"]

1. c4 e6 2. Nf3 d5 3. g3 Nf6 4. Bg2 dxc4 5. Qa4+ c6 6. Qxc4 b5 7. Qc2 Bb7 8. d4
Nbd7 9. O-O c5 10. a4 a6 11. axb5 axb5 12. Rxa8 Qxa8 13. dxc5 Bxc5 14. Ne1 Bxg2
15. Nxg2 O-O 16. Nf4 Rc8 17. Qb3 b4 18. Nd3 Qe4 19. Qd1 Bb6 20. Nd2 Qg4 21. Nf3
Nd5 22. Qa4 N7f6 23. Nde5 Qf5 24. Qa6 Qc2 25. Bg5 Rd8 26. Rc1 Qxb2 27. Rc8 Re8
28. Bxf6 gxf6 29. Rxe8+ Kg7 30. Nd7 Qc1+ 31. Kg2 Nc7 32. Qc8 1-0

[Event "Wch U18"]
[Site "Belfort"]
[Date "2005.07.28"]
[Round "10"]
[White "Cuenca Jimenez, Jose Fernando"]
[Black "Bluvshtein, Mark"]
[Result "0-1"]
[WhiteElo "2351"]
[BlackElo "2525"]
[PlyCount "74"]
[EventDate "2005.07.19"]
[EventType "swiss"]
[EventRounds "11"]
[EventCountry "FRA"]
[SourceTitle "CBM 107 Extra"]
[Source "ChessBase"]
[SourceDate "2005.09.01"]
[SourceVersion "1"]
[SourceVersionDate "2005.09.01"]
[SourceQuality "1"]

1. c4 Nf6 2. Nc3 e6 3. e4 e5 4. Nf3 Nc6 5. d4 exd4 6. Nxd4 d6 7. Be2 Bd7 8. Be3
g6 9. g4 h5 10. g5 Ng4 11. Nxc6 Nxe3 12. Nxd8 Nxd1 13. Nxf7 Kxf7 14. Rxd1 Bg7
15. c5 Rhe8 16. f3 Be5 17. cxd6 cxd6 18. O-O Bh3 19. Rfe1 Rac8 20. Rd3 Bf4 21.
Bf1 Bxf1 22. Rxf1 h4 23. Kg2 b5 24. Kh3 Rc5 25. b4 Rc6 26. Nxb5 Rb8 27. Nd4 Rc4
28. a3 Bxg5 29. Kg4 Bf6 30. Rdd1 d5 31. exd5 Rd8 32. Kh3 Rxd5 33. Nb3 Rf5 34.
Rd7+ Ke8 35. Rd3 g5 36. Nc5 Rxf3+ 37. Kg2 g4 0-1

[Event "Wch U18"]
[Site "Belfort"]
[Date "2005.07.29"]
[Round "11"]
[White "Brkic, Ante"]
[Black "Cuenca Jimenez, Jose Fernando"]
[Result "1/2-1/2"]
[WhiteElo "2477"]
[BlackElo "2351"]
[PlyCount "57"]
[EventDate "2005.07.19"]
[EventType "swiss"]
[EventRounds "11"]
[EventCountry "FRA"]
[SourceTitle "CBM 107 Extra"]
[Source "ChessBase"]
[SourceDate "2005.09.01"]
[SourceVersion "1"]
[SourceVersionDate "2005.09.01"]
[SourceQuality "1"]

1. e4 c5 2. Nf3 Nc6 3. Nc3 g6 4. d4 cxd4 5. Nxd4 Bg7 6. Be3 Nf6 7. Bc4 O-O 8.
Bb3 d6 9. f3 Bd7 10. Qd2 Na5 11. h4 Rb8 12. Nde2 b5 13. h5 Nc4 14. Bxc4 bxc4
15. hxg6 fxg6 16. Rb1 a6 17. Bh6 Bxh6 18. Qxh6 Qa5 19. Qe3 Rb7 20. O-O Rfb8 21.
b3 cxb3 22. cxb3 Bb5 23. Rbc1 Bxe2 24. Qxe2 Rc7 25. Nd5 Rxc1 26. Nxf6+ Kf7 27.
Rxc1 Kxf6 28. f4 Rb5 29. g3 1/2-1/2

[Event "Budapest FS08 IM-C"]
[Site "Budapest"]
[Date "2005.08.06"]
[Round "1"]
[White "Cuenca Jimenez, Jose Fernando"]
[Black "Kaposztas, Miklos"]
[Result "1-0"]
[WhiteElo "2351"]
[BlackElo "2260"]
[PlyCount "131"]
[EventDate "2005.08.06"]
[EventType "tourn"]
[EventRounds "11"]
[EventCountry "HUN"]
[EventCategory "2"]
[SourceTitle "CBM 107 Extra"]
[Source "ChessBase"]
[SourceDate "2005.09.01"]
[SourceVersion "1"]
[SourceVersionDate "2005.09.01"]
[SourceQuality "1"]

1. c4 Nf6 2. Nc3 g6 3. g3 Bg7 4. Bg2 O-O 5. d4 c5 6. Nf3 Nc6 7. O-O cxd4 8.
Nxd4 Qb6 9. Nb3 d6 10. Be3 Qd8 11. h3 Be6 12. c5 dxc5 13. Nxc5 Qc8 14. Nxe6
Qxe6 15. Qb3 Qc8 16. Rac1 Rd8 17. Nb5 Qb8 18. Bf4 e5 19. Bg5 a6 20. Nc3 Rd7 21.
Bxf6 Bxf6 22. e3 Na5 23. Qa4 Qd8 24. Rfd1 b5 25. Rxd7 bxa4 26. Rxd8+ Rxd8 27.
Nxa4 Be7 28. Bf1 Ra8 29. Rc7 Kf8 30. Nb6 Rd8 31. Nc8 Bb4 32. Bxa6 Rd1+ 33. Kg2
Be1 34. Be2 Rb1 35. Rc2 Nb7 36. Bf3 Nd8 37. Bd5 Rd1 38. e4 f5 39. f3 fxe4 40.
fxe4 Rd3 41. g4 Nf7 42. Re2 Bh4 43. Bxf7 Kxf7 44. Nb6 Ke6 45. Nd5 Kd6 46. b4
Rg3+ 47. Kh2 Ra3 48. Rc2 Bd8 49. b5 Ra5 50. Rb2 Ra8 51. Kg2 Kc5 52. Kf2 Bh4+
53. Kg2 Bd8 54. b6 Kc6 55. a4 Kb7 56. Rb4 Ra5 57. Rc4 Ra8 58. Kf3 Ra6 59. Ke2
Ra8 60. Kd3 Ra6 61. Kc2 Ra5 62. Kb3 Ra8 63. Kc2 Ra5 64. Kb3 Ra8 65. Rc5 Ra6 66.
a5 1-0

[Event "Budapest FS08 IM-C"]
[Site "Budapest"]
[Date "2005.08.07"]
[Round "2"]
[White "Eperjesi, Laszlo"]
[Black "Cuenca Jimenez, Jose Fernando"]
[Result "0-1"]
[WhiteElo "2259"]
[BlackElo "2351"]
[PlyCount "98"]
[EventDate "2005.08.06"]
[EventType "tourn"]
[EventRounds "11"]
[EventCountry "HUN"]
[EventCategory "2"]
[SourceTitle "CBM 107 Extra"]
[Source "ChessBase"]
[SourceDate "2005.09.01"]
[SourceVersion "1"]
[SourceVersionDate "2005.09.01"]
[SourceQuality "1"]

1. d4 d5 2. Nf3 e6 3. c4 Nf6 4. e3 c6 5. Nbd2 Nbd7 6. Bd3 Bd6 7. O-O O-O 8. e4
dxe4 9. Nxe4 Nxe4 10. Bxe4 g6 11. Bh6 Re8 12. Qd2 Qc7 13. h3 b6 14. Rac1 Bb7
15. Rfe1 Rad8 16. b4 f5 17. Bd3 c5 18. bxc5 bxc5 19. d5 Nf8 20. Bc2 e5 21. Ba4
Re7 22. Bg5 e4 23. Bxe7 Bxe7 24. Nh2 Ne6 25. Rb1 Nd4 26. Nf1 Bc8 27. Bd1 Bd6
28. Kh1 Qe7 29. Qh6 f4 30. Bg4 Bf5 31. Rbd1 Qf6 32. Nd2 Re8 33. Nf3 Nxf3 34.
gxf3 Bc8 35. Rxe4 Rxe4 36. fxe4 Bf8 37. e5 Qxe5 38. Qh4 Be7 39. Qxe7 Qxe7 40.
Bxc8 Qe2 41. Bg4 f3 42. Rg1 Qxf2 43. d6 Qd2 44. Bxf3 Qxd6 45. Bd5+ Kg7 46. Rf1
Qg3 47. Rf3 Qe1+ 48. Kg2 Kh6 49. Rf1 Qc3 0-1

[Event "Budapest FS08 IM-C"]
[Site "Budapest"]
[Date "2005.08.08"]
[Round "3"]
[White "Cuenca Jimenez, Jose Fernando"]
[Black "Pedersen, Daniel Vesterbaek"]
[Result "1-0"]
[WhiteElo "2351"]
[BlackElo "2296"]
[PlyCount "61"]
[EventDate "2005.08.06"]
[EventType "tourn"]
[EventRounds "11"]
[EventCountry "HUN"]
[EventCategory "2"]
[SourceTitle "CBM 107 Extra"]
[Source "ChessBase"]
[SourceDate "2005.09.01"]
[SourceVersion "1"]
[SourceVersionDate "2005.09.01"]
[SourceQuality "1"]

1. c4 c6 2. e4 d5 3. exd5 cxd5 4. cxd5 Nf6 5. Nc3 g6 6. Bc4 Bg7 7. Nf3 Nbd7 8.
d3 O-O 9. O-O Ng4 10. Re1 Nde5 11. h3 Nxf3+ 12. Qxf3 Nf6 13. Bg5 h6 14. Bh4 Bd7
15. a4 b6 16. Re3 a6 17. Rae1 g5 18. Bg3 b5 19. axb5 axb5 20. Bb3 b4 21. Ne2
Ba4 22. Bc4 Ra5 23. b3 Be8 24. Be5 Nxd5 25. Bxd5 Rxd5 26. Bxg7 Kxg7 27. Ng3 e6
28. Nh5+ Kh8 29. Rxe6 Rd6 30. Qf5 Rc6 31. Nf6 1-0

[Event "Budapest FS08 IM-C"]
[Site "Budapest"]
[Date "2005.08.09"]
[Round "4"]
[White "Braghetta, Sergio"]
[Black "Cuenca Jimenez, Jose Fernando"]
[Result "0-1"]
[WhiteElo "2264"]
[BlackElo "2351"]
[PlyCount "106"]
[EventDate "2005.08.06"]
[EventType "tourn"]
[EventRounds "11"]
[EventCountry "HUN"]
[EventCategory "2"]
[SourceTitle "CBM 107 Extra"]
[Source "ChessBase"]
[SourceDate "2005.09.01"]
[SourceVersion "1"]
[SourceVersionDate "2005.09.01"]
[SourceQuality "1"]

1. e4 e6 2. d4 d5 3. Nc3 Nf6 4. Bg5 dxe4 5. Nxe4 Be7 6. Bxf6 gxf6 7. Nf3 a6 8.
Qe2 f5 9. Ned2 c5 10. dxc5 Qc7 11. g3 Qxc5 12. Nb3 Qc7 13. Bg2 Bf6 14. O-O-O
O-O 15. Qe3 Nc6 16. a3 e5 17. Qh6 Bg7 18. Qh5 Be6 19. Nc5 h6 20. c3 e4 21. Nh4
Ne5 22. Nxe6 fxe6 23. Bf1 Ng4 24. Rd2 Rad8 25. Rxd8 Rxd8 26. Qg6 Qc6 27. Be2
Nxf2 28. Rg1 Nd3+ 29. Bxd3 exd3 30. Rd1 Qe4 31. Rd2 Qd5 32. Kb1 Qe5 33. Ng2 Kh8
34. Ka2 Qd5+ 35. Ka1 Qe4 36. Ka2 Qc4+ 37. Ka1 Qe4 38. Ka2 Qd5+ 39. Ka1 e5 40.
Ne3 Qc6 41. Qxf5 e4 42. Rd1 Rf8 43. Qh5 Kh7 44. Nd5 Qg6 45. Qh4 Re8 46. Nf4 Qg5
47. Qh3 Re7 48. Qg2 Qf5 49. Qd2 Bf6 50. h4 e3 51. Qxd3 Qxd3 52. Nxd3 Rd7 53.
Kb1 e2 0-1

[Event "Budapest FS08 IM-C"]
[Site "Budapest"]
[Date "2005.08.10"]
[Round "5"]
[White "Cuenca Jimenez, Jose Fernando"]
[Black "Le, Quang Liem"]
[Result "1/2-1/2"]
[WhiteElo "2351"]
[BlackElo "2326"]
[PlyCount "101"]
[EventDate "2005.08.06"]
[EventType "tourn"]
[EventRounds "11"]
[EventCountry "HUN"]
[EventCategory "2"]
[SourceTitle "CBM 107 Extra"]
[Source "ChessBase"]
[SourceDate "2005.09.01"]
[SourceVersion "1"]
[SourceVersionDate "2005.09.01"]
[SourceQuality "1"]

1. c4 c6 2. e4 d5 3. exd5 cxd5 4. cxd5 Nf6 5. Nc3 Nxd5 6. Nf3 Nc6 7. Bb5 Nb6 8.
d4 e6 9. Bg5 Be7 10. Bxe7 Qxe7 11. Bxc6+ bxc6 12. O-O O-O 13. Ne4 Ba6 14. Re1
Bc4 15. Ne5 Bd5 16. Qh5 Rac8 17. Nc5 Rfd8 18. b3 Rb8 19. Rac1 Nc8 20. Ne4 Nd6
21. Nxd6 Rxd6 22. Rc3 Rb4 23. Rh3 h6 24. Rh4 Qf6 25. Rg4 a5 26. g3 Qf5 27. Qh4
f6 28. Rf4 Qg5 29. Nd3 Qxh4 30. gxh4 Rb5 31. h5 Rd8 32. Rc1 Re8 33. f3 e5 34.
dxe5 fxe5 35. Rf5 e4 36. Re1 Rbb8 37. Nf4 exf3 38. Rxe8+ Rxe8 39. Nxd5 cxd5 40.
Rxd5 Re1+ 41. Kf2 Re2+ 42. Kxf3 Rxa2 43. Kg4 Kf7 44. Rb5 Ke6 45. h4 a4 46. bxa4
Rxa4+ 47. Kg3 Re4 48. Rb6+ Kf7 49. Ra6 Re5 50. Kg4 Re4+ 51. Kg3 1/2-1/2

[Event "Budapest FS08 IM-C"]
[Site "Budapest"]
[Date "2005.08.11"]
[Round "6"]
[White "Blodstein, Boris"]
[Black "Cuenca Jimenez, Jose Fernando"]
[Result "1/2-1/2"]
[WhiteElo "2249"]
[BlackElo "2351"]
[PlyCount "107"]
[EventDate "2005.08.06"]
[EventType "tourn"]
[EventRounds "11"]
[EventCountry "HUN"]
[EventCategory "2"]
[SourceTitle "CBM 107 Extra"]
[Source "ChessBase"]
[SourceDate "2005.09.01"]
[SourceVersion "1"]
[SourceVersionDate "2005.09.01"]
[SourceQuality "1"]

1. Nf3 Nf6 2. c4 g6 3. Nc3 Bg7 4. d4 O-O 5. e4 d6 6. Be2 Na6 7. h3 e5 8. dxe5
dxe5 9. Qxd8 Rxd8 10. Be3 Nd7 11. O-O-O Re8 12. a3 c6 13. b4 Nc7 14. Kb2 Ne6
15. Rhe1 Ndf8 16. g3 h6 17. b5 Nh7 18. bxc6 bxc6 19. Rd6 Bf8 20. Rxc6 Bb7 21.
Rxe6 Rxe6 22. Nd5 Rc8 23. Nd2 Nf6 24. Bd3 Nd7 25. Nb3 Nc5 26. Nxc5 Bxc5 27.
Bxc5 Rxc5 28. Kc3 Kg7 29. Kb4 Rec6 30. Rb1 a5+ 31. Kc3 Ba6 32. Ne3 Rc7 33. Rb6
R5c6 34. Rb8 Rc8 35. Rb2 h5 36. h4 Kf8 37. Rb1 Ke7 38. Rb2 Kd6 39. f4 Ke6 40.
Rf2 f6 41. f5+ Kf7 42. Be2 Bb7 43. fxg6+ Kxg6 44. Nd5 Re6 45. Rf5 Rh8 46. Rf1
Rh7 47. g4 Rd6 48. gxh5+ Kf7 49. Bg4 Rg7 50. Bf5 Rg3+ 51. Kc2 Ba6 52. Bg6+ Kg7
53. Ne7 Rg2+ 54. Kc3 1/2-1/2

[Event "Budapest FS08 IM-C"]
[Site "Budapest"]
[Date "2005.08.12"]
[Round "7"]
[White "Cuenca Jimenez, Jose Fernando"]
[Black "Farago, Sandor"]
[Result "1-0"]
[WhiteElo "2351"]
[BlackElo "2284"]
[PlyCount "111"]
[EventDate "2005.08.06"]
[EventType "tourn"]
[EventRounds "11"]
[EventCountry "HUN"]
[EventCategory "2"]
[SourceTitle "CBM 107 Extra"]
[Source "ChessBase"]
[SourceDate "2005.09.01"]
[SourceVersion "1"]
[SourceVersionDate "2005.09.01"]
[SourceQuality "1"]

1. c4 c5 2. Nc3 Nc6 3. g3 g6 4. Bg2 Bg7 5. Nf3 e6 6. O-O Nge7 7. d4 cxd4 8. Nb5
Nf5 9. g4 a6 10. Qa4 Rb8 11. gxf5 axb5 12. cxb5 Qa5 13. Qxa5 Nxa5 14. fxe6 dxe6
15. Bf4 Ra8 16. Rac1 d3 17. b4 dxe2 18. Rfe1 Bd7 19. bxa5 Bxb5 20. Be5 f6 21.
Nd4 Ba6 22. Bg3 Bh6 23. Rc2 Rd8 24. Nxe2 Bd2 25. Rd1 Bxa5 26. Rxd8+ Kxd8 27.
Nd4 Ke7 28. Bc7 Bb4 29. Bb6 Bd6 30. Nb3 e5 31. Bf1 Bxf1 32. Kxf1 Ra8 33. Na5 e4
34. h3 Ra6 35. Rb2 Be5 36. Rb3 Ke6 37. Ke2 g5 38. Ke3 f5 39. a4 Bd6 40. Kd4 h5
41. Kc4 g4 42. Kb5 Ra8 43. Nxb7 Be5 44. Nc5+ Kd5 45. hxg4 fxg4 46. Rb1 Bc3 47.
Rd1+ Ke5 48. Bc7+ Kf5 49. Rd5+ Kg6 50. Nxe4 Bg7 51. Rg5+ Kh6 52. Bf4 Rf8 53.
Rf5+ Kg6 54. Rxf8 Bxf8 55. a5 Kf5 56. a6 1-0

[Event "Budapest FS08 IM-C"]
[Site "Budapest"]
[Date "2005.08.13"]
[Round "8"]
[White "Cuenca Jimenez, Jose Fernando"]
[Black "Karasik, Evgeni"]
[Result "1-0"]
[WhiteElo "2351"]
[BlackElo "2239"]
[PlyCount "105"]
[EventDate "2005.08.06"]
[EventType "tourn"]
[EventRounds "11"]
[EventCountry "HUN"]
[EventCategory "2"]
[SourceTitle "CBM 107 Extra"]
[Source "ChessBase"]
[SourceDate "2005.09.01"]
[SourceVersion "1"]
[SourceVersionDate "2005.09.01"]
[SourceQuality "1"]

1. d4 Nf6 2. c4 c5 3. d5 b5 4. Nf3 Bb7 5. Nc3 b4 6. Na4 d6 7. e4 Nbd7 8. Bd3 g6
9. a3 Bg7 10. axb4 cxb4 11. h3 O-O 12. Be3 e6 13. O-O exd5 14. exd5 Re8 15. Re1
Qc7 16. Nd4 a6 17. Qb3 Rac8 18. Rac1 Ne4 19. Ne6 fxe6 20. Bxe4 exd5 21. Bxd5+
Bxd5 22. cxd5 Qd8 23. Rc6 Be5 24. Rd1 Qf6 25. Rxa6 Bf4 26. Bxf4 Qxf4 27. Qg3
Qxg3 28. fxg3 Nc5 29. Nxc5 dxc5 30. Rc6 Rb8 31. d6 Red8 32. Rc7 Rb6 33. d7 Kf7
34. Rxc5 Rb7 35. Rcd5 Ke6 36. Kf2 Rc7 37. Rd6+ Ke7 38. Ke3 Rc2 39. R1d2 Rxb2
40. Rxb2 Kxd6 41. Rxb4 Rxd7 42. Rd4+ Ke6 43. Rxd7 Kxd7 44. Kf4 h6 45. Ke5 Ke7
46. g4 Kf7 47. h4 Ke7 48. g5 hxg5 49. hxg5 Kf7 50. Kd6 Kf8 51. Ke6 Kg7 52. Ke7
Kg8 53. Kf6 1-0